Statistiques concernant 200 Personnages Harry Potter en français

Cliquez ici pour prendre le quiz!

Statistiques générales

  • Ce quiz a été pris 1 572 fois
  • Le résultat moyen est 112 sur 200

Statistiques - réponses

HintRéponse% Correct
1Harry Potter
99%
2Ron Weasley
99%
3Hermione Granger
98%
4Albus Dumbledore
96%
6Severus Rogue
94%
8Rubeus Hagrid
93%
13Fred Weasley
92%
14George Weasley
91%
12Ginny Weasley
91%
10Luna Lovegood
91%
7Minerva Mcgonagal
91%
9Neville Londubat
91%
11Drago Malfoy
90%
16James Potter
90%
17Lily Potter
90%
18Remus Lupin
90%
5Voldemort
90%
22Molly Weasley
89%
15Sirius Black
89%
21Arthur Weasley
88%
71Katie Bell
88%
37Fleur Delacour
87%
36Bill Weasley
86%
40Cedric Diggory
86%
25Lucius Malfoy
86%
35Charlie Weasley
85%
41Cho Chang
85%
23Dobby
85%
34Percy Weasley
85%
20Bellatrix Lestrange
84%
19Peter Pettigrow
84%
39Viktor Krum
84%
26Narcissa Malfoy
83%
59Alastor Maugrey
82%
52Dolores Ombrage
82%
99Hedwige
81%
54Pomona Chourave
81%
27Seamus Finnigan
81%
61Gilderoy Lockhart
80%
45Petunia Dursley
80%
28Dean Thomas
79%
46Dudley Dursley
79%
51Gregory Goyle
79%
130Salazar Serpentard
79%
44Vernon Dursley
79%
132Rowena Serdaigle
78%
50Vincent Crabbe
78%
55Filius Flitwick
77%
60Quirinius Quirell
76%
101Buck
75%
131Helga Poufsouffle
75%
43Igor Karkaroff
75%
82Cornelius Fudge
74%
29Lavande Brown
74%
24Nymphadora Tonks
74%
118Le Baron Sanglant
73%
116Nick Quasi sans tete
73%
42Olympe Maxime
73%
57Poppy Pomfresh
73%
47Xenophilius Lovegood
73%
31Angelina Johnson
72%
32Horace Slughorn
72%
30Olivier Dubois
72%
102Pattenrond
72%
56Sibylle Trelawney
72%
89Abelforth
71%
95Amos Diggory
71%
53Argus Rusard
71%
48Parvati Patil
71%
49Padma Patil
70%
68Pansy Parkinson
70%
83Bartemius Croupton
69%
58Renee Bibine
69%
84Bartemius Croupton jr
68%
119Helena Serdaigle
67%
33Mimi Geignarde
67%
127Tom (barman)
67%
62Colin Creevey
66%
104Nagini
66%
38Gabrielle Delacour
65%
154Tante Marge
65%
98Garrick Ollivander
64%
85Kingsley Shacklebolt
64%
105Kreattur
63%
117Peeves
63%
108Reg Cattermole
63%
135Ariana
61%
100Bathilda Tourdesac
61%
78Fenrir Greyback
61%
163Firenze
61%
120Le Moine Gras
61%
81Rufus Scrimgeour
61%
66Lee Jordan
60%
76Alecto Carrow
59%
134Gellert Grindelwald
59%
137Alice Londubat
58%
77Amycus Carrow
58%
67Hannah Abbots
58%
111Rita Skeeter
58%
182Ted Tonks
58%
114Aragog
57%
149Regulus Black
57%
86Blaise Zabini
56%
70Cormac Mclagen
56%
136Frank Londubat
56%
106Winky
56%
128Graup
55%
168Norbert Dragonneau
55%
88Alicia Spinnet
53%
79Antonin Dolohov
53%
69Ernie Mcmillan
53%
143Mondingus Fletcher
53%
96Stan Rocade
53%
175Touffu
53%
133Godrick Griffondor
52%
129Miss Teigne
52%
91Cuttberth Binns
51%
63Dennis Creevey
51%
142Marvolo (elvis) Gaunt
51%
113Fumseck
49%
112Gripsec
49%
75Justin Finch-fletchley
49%
148Phineas Black
49%
153Mrs Figg
47%
147Elphias Doge
46%
87Marcus Flint
46%
140Merope Gaunt
46%
94Wilhelmina Gobe Planche
46%
115Coquecigrue
45%
121La grosse dame
45%
183Teddy Lupin
45%
181Andromeda Tonks
44%
93Aurora Sinistra
44%
92Irma Pince
44%
176Ludo Verpey
44%
64Susan Bones
44%
166Augusta Londubat
41%
123Bane
41%
109Mafalda Hopkrik
41%
167Tante Muriel
41%
164Kendra Dumbledore
40%
144Ignotus Peverell
39%
152Madame Rosmerta
39%
165Perceval Dumbledore
39%
159Marcus Belby
38%
151Nicolas Flamel
38%
150Pius Thicknesse
38%
141Morfin Gaunt
37%
74Romilda Vane
37%
170Yaxley
37%
65Amelia Bones
36%
90Millicent Bulstrod
36%
103Crokdur
35%
107Albert Runcorn
34%
171Charity Burbage
34%
122Le chevalier de catogan
34%
138Rodolphus Lestrange
34%
125Penelope Deauclair
33%
155Dedalus Diggle
32%
184Mary Cattermole
32%
186Mr Borgin
31%
139Tom Jedusor
30%
157Zacharias Smith
30%
178Armando Dippet
29%
80Augustus Rookwood
29%
198Mykew Gregorovitch
27%
110Bertha Jorkins
26%
161Anthony Goldstein
25%
180Astoria Greengrass
25%
195Florian Fortarome
25%
199Piers Polkiss
25%
73Roger Davies
25%
162Walden Macnair
25%
145Antioch Peverell
24%
156Hepzibah Smith
24%
169Avery
23%
146Cadmus Peverell
23%
160Evan Rosier
23%
189Fabian Prewett
23%
188Gideon Prewett
23%
194John Dawlish
23%
187Eileen Prince
22%
177Sturgis Podmore
21%
72Demelza Robbins
20%
200Dilys Derwent
18%
124Ronan
18%
191Bertie Crochue
17%
126Nigel
16%
158Scabior
16%
173Silvanus Brulepot
16%
185Caractacus Burke
15%
174Galatea Tetenjoy
15%
190Bryce Frank
14%
193Doris Crockford
14%
172Babling Bathseda
13%
192Beedle le Barde
13%
97Erne Dulmur
11%
196Madame Guipiure
11%
197Madame Pieddodu
10%
179Everard
8%

Distribution des résultats

Percentile par nombre de réponses

% des personnes avec chaque résultat

Votre développement - résultats

Vous n’avez pas pris ce quiz